[Event "WTCC-50 2018"]
[Site "Radebeul"]
[Date "2018.07.08"]
[Round "2"]
[White "Shabalov, Alexander"]
[Black "Schunk, Thomas"]
[Result "1-0"]
[WhiteElo "2570"]
[BlackElo "2162"]
[Annotator "ChessBase"]
[PlyCount "85"]
[EventDate "2018.07.07"]
[EventType "team-tourn"]
[EventCountry "GER"]
[SourceTitle "playchess.com"]
[Source "ChessBase"]
[SourceQuality "1"]
[TimeControl "40/5400+30:1800+30"]

1. Nf3 {[%emt 0:00:00]} c5 {[%emt 0:00:00]} 2. e4 {[%emt 0:00:00]} e6 {[%emt 0:02:16]} 3. d4 {[%emt 0:00:10]} cxd4 {[%emt 0:00:07]} 4. Nxd4 {[%emt 0:00:06]} Nf6 {[%emt 0:00:10]} 5. Nc3 {[%emt 0:00:10]} d6 {[%emt 0:00:21]} 6. f4 {[%emt 0:01:44]} a6 {[%emt 0:00:41]} 7. Qf3 {[%emt 0:04:18]} Qc7 {[%emt 0:02:30]} 8. g4 {[%emt 0:02:20]} b5 {[%emt 0:03:36]} 9. g5 {[%emt 0:00:12]} b4 {[%emt 0:00:55]} 10. Ncb5 {[%emt 0:01:53]} axb5 {[%emt 0:01:12]} 11. gxf6 {[%emt 0:00:05]} gxf6 {[%emt 0:07:51]} 12. Bd3 {[%emt 0:13:29]} Bb7 {[%emt 0:03:20]} 13. f5 {[%emt 0:02:42]} e5 {[%emt 0:01:03]} 14. Nxb5 {[%emt 0:00:29]} Qd7 {[%emt 0:01:50]} 15. Be3 {[%emt 0:23:06]} Bc6 {[%emt 0:01:33]} 16. Qe2 {[%emt 0:08:07]} Qb7 {[%emt 0:07:05]} 17. Bf2 {[%emt 0:03:26]} Nd7 {[%emt 0:01:37]} 18. Rg1 {[%emt 0:02:44]} Ra5 {[%emt 0:03:45]} 19. c4 {[%emt 0:00:42]} Nc5 {[%emt 0:11:49]} 20. Bxc5 {[%emt 0:00:06]} dxc5 {[%emt 0:00:05]} 21. b3 {[%emt 0:00:07]} Ra8 {[%emt 0:04:17]} 22. O-O-O {[%emt 0:01:43]} Rd8 {[%emt 0:01:35]} 23. Bc2 {[%emt 0:00:44]} Rd7 {[%emt 0:01:38]} 24. Kb2 {[%emt 0:03:25]} Kd8 {[%emt 0:15:05]} 25. Qh5 {[%emt 0:12:17]} Bxb5 {[%emt 0:02:39]} 26. Qxf7 {[%emt 0:03:15]} Be7 {[%emt 0:01:16]} 27. cxb5 {[%emt 0:00:33]} Rd4 {[%emt 0:00:39]} 28. Rxd4+ {[%emt 0:01:02]} cxd4 {[%emt 0:00:22]} 29. Bd3 {[%emt 0:00:50]} h6 {[%emt 0:04:17]} 30. Rc1 {[%emt 0:00:40]} Rf8 {[%emt 0:00:44]} 31. Qe6 {[%emt 0:00:13]} Qd7 {[%emt 0:01:15]} 32. b6 {[%emt 0:04:10]} Qxe6 {[%emt 0:03:54]} 33. fxe6 {[%emt 0:00:05]} Bd6 {[%emt 0:00:03]} 34. b7 {[%emt 0:00:07]} Ke7 {[%emt 0:00:04]} 35. Rc8 {[%emt 0:00:07]} Rd8 {[%emt 0:00:50]} 36. Kc2 {[%emt 0:00:55]} Bb8 {[%emt 0:01:41]} 37. Kd1 {[%emt 0:00:19]} Ba7 {[%emt 0:01:11]} 38. Ke2 {[%emt 0:00:08]} h5 {[%emt 0:02:50]} 39. Kf3 {[%emt 0:00:13]} Bb8 {[%emt 0:00:06]} 40. Kg2 {[%emt 0:00:14]} Ba7 {[%emt 0:02:18]} 41. Kh3 {[%emt 0:30:14]} f5 {[%emt 0:31:27]} 42. exf5 {[%emt 0:00:12]} e4 {[%emt 0:00:14]} 43. Bxe4 {[%emt 0:00:53]} 1-0

[Event "WTCC-50 2018"]
[Site "Radebeul"]
[Date "2018.07.08"]
[Round "2"]
[White "Bischoff, Klaus"]
[Black "Van den Bersselaar, Jeroen"]
[Result "1-0"]
[WhiteElo "2510"]
[BlackElo "2142"]
[Annotator "TA"]
[PlyCount "55"]
[EventDate "2018.07.07"]
[EventType "team-tourn"]
[EventCountry "GER"]
[SourceTitle "playchess.com"]
[Source "ChessBase"]
[SourceQuality "1"]

{[%evp 18,55,18,10,13,17,18,21,19,0,2,10,0,7,6,-9,35,33,37,35,33,-4,0,-8,0,0,21,-37,-15,-6,36,28,38,4,37,39,99,92,505,477]} 1. c4 c6 2. Nf3 d5 3. e3 Nf6 4. Nc3 Nbd7 5. cxd5 cxd5 6. d4 e6 7. Bd3 {D45: Semi-Slav: 5 e3} Be7 (7... Bd6 8. O-O O-O 9. Bd2 a6 10. a4 e5 11. e4 dxe4 12. Nxe4 Nxe4 13. Bxe4 exd4 14. Bg5 Nf6 15. Re1 h6 16. Bxf6 Qxf6 17. Qxd4 Qxd4 18. Nxd4 Rd8 19. Rad1 Bg4 20. f3 Bc5 21. fxg4 Rxd4 {½-½ (21) Timofeev,A (2601)-Dreev,A (2660) Sochi 2016}) 8. Bd2 b6 9. O-O Bb7 10. Qc2 {LiveBook: 5 Games} h6 11. Rfc1 a6 $146 ({Predecessor:} 11... O-O 12. a4 Nb8 13. a5 bxa5 14. Na4 Nc6 15. Nc5 Bxc5 16. dxc5 e5 {½-½ (41) Berczes,D (2550)-Csonka,B (2277) Zalakaros 2012}) 12. a4 O-O 13. Qb3 Ne4 14. Be1 Bd6 15. Na2 Re8 16. Be2 g5 17. Nb4 g4 18. Nd2 $1 Qg5 19. f4 gxf3 $1 20. Nxf3 Qg7 21. Nd3 Kh8 22. Nf2 ({White should try} 22. a5 $11) 22... Rg8 $15 {[%csl Gg8][%cal Rg7g2] [#]} 23. Bf1 Ng5 24. Nxg5 Qxg5 25. Nh3 Qg4 {[#] Threatens to win with ...Qxh3.} 26. Nf4 $1 {[%mdl 512]} Rg7 (26... e5 $14 27. dxe5 Bxe5) (26... Bxf4 27. exf4) 27. Bg3 $16 Be7 $2 {[%mdl 8192]} (27... e5 $16 28. Be2 (28. Nxd5 exd4 29. Bxd6 Qe6 $11) 28... Qf5 29. dxe5 (29. Nxd5 exd4 30. e4 Qg6 $17) 29... Bxe5) 28. Rc7 {Precision: White = 45%, Black = 27%.} 1-0

[Event "WTCC-50 2018"]
[Site "Radebeul"]
[Date "2018.07.08"]
[Round "2"]
[White "Yermolinsky, Alex"]
[Black "Limpert, Michael"]
[Result "1-0"]
[WhiteElo "2505"]
[BlackElo "2159"]
[Annotator "TA"]
[PlyCount "54"]
[EventDate "2018.07.07"]
[EventType "team-tourn"]
[EventCountry "GER"]
[SourceTitle "playchess.com"]
[Source "ChessBase"]
[SourceQuality "1"]

{[%evp 23,54,49,68,4,20,23,72,74,53,47,325,327,316,312,321,306,333,255,408,400,489,491,499,501,476,450,437,339,332,319,425,441,973]} 1. d4 d5 2. c4 c6 3. Nf3 e6 4. Nc3 Nf6 5. Bg5 Be7 6. e3 O-O 7. Bd3 Nbd7 8. O-O h6 9. Bh4 Re8 10. Rc1 b6 11. cxd5 exd5 12. Bg3 {D35: Queen's Gambit Declined: Exchange Variation} Bb7 {LiveBook: 4 Games} 13. Qe2 (13. Ne5 $14) (13. h3 Bf8 14. Qc2 Bb4 15. Nd2 Qe7 16. a3 Bd6 17. Bxd6 Qxd6 18. b4 Qe7 19. Qb2 Rad8 {1-0 (85) Kovalyov,A (2571)-Carvalho,G (2249) Dresden 2008}) 13... Bf8 $146 ({Predecessor:} 13... a6 14. Bb1 c5 15. Ne5 Nf8 16. Rfd1 Bd6 17. Qc2 b5 18. Ne2 Ne4 19. Nf3 c4 {½-½ (19) Mirkovic,S (2226)-Trickovic,B (2280) Vrnjacka Banja 2007}) 14. Rfd1 {The position is equal.} Ne4 {[#]} 15. Bxe4 $1 dxe4 16. Ne5 f6 $2 {[%mdl 8192] [#]} ({Black should play} 16... Nf6 $14) 17. Nxc6 $1 $18 {[%mdl 512]} Bxc6 18. Qc4+ Kh8 19. Qxc6 f5 20. Nd5 {Hoping for Bc7.} Rc8 (20... Nf6 {keeps fighting.}) 21. Qg6 Qg5 22. Qf7 Nf6 23. Nf4 Kh7 24. Qxa7 Nh5 25. Qf7 Nxf4 26. Bxf4 ({Weaker is} 26. exf4 Qg6 $16) 26... Qg4 27. h3 Qe2 {Precision: White = 53%, Black = 14%.} (27... Qg6 $142 28. Qb7 Ra8) 1-0

[Event "WTCC-50 2018"]
[Site "Radebeul"]
[Date "2018.07.08"]
[Round "2"]
[White "Plaskett, H James"]
[Black "Page, Mark E"]
[Result "1-0"]
[WhiteElo "2455"]
[BlackElo "2139"]
[Annotator "ChessBase"]
[PlyCount "59"]
[EventDate "2018.07.07"]
[EventType "team-tourn"]
[EventCountry "GER"]
[SourceTitle "playchess.com"]
[Source "ChessBase"]
[SourceQuality "1"]
[TimeControl "40/5400+30:1800+30"]

1. c4 {[%emt 0:00:00]} Nf6 {[%emt 0:00:00]} 2. Nc3 {[%emt 0:00:22]} g6 {[%emt 0:00:00]} 3. d4 {[%emt 0:01:52]} Bg7 {[%emt 0:00:04]} 4. Nf3 {[%emt 0:03:28]} d6 {[%emt 0:00:25]} 5. Bg5 {[%emt 0:00:16]} Nbd7 {[%emt 0:07:58]} 6. e3 {[%emt 0:01:51]} h6 {[%emt 0:03:21]} 7. Bh4 {[%emt 0:00:03]} O-O {[%emt 0:00:34]} 8. Qc2 {[%emt 0:00:08]} c5 {[%emt 0:01:39]} 9. d5 {[%emt 0:01:05]} Qa5 {[%emt 0:05:43]} 10. Nd2 {[%emt 0:01:17]} a6 {[%emt 0:01:43]} 11. Be2 {[%emt 0:10:24]} Re8 {[%emt 0:12:12]} 12. O-O {[%emt 0:07:49]} Nf8 {[%emt 0:09:15]} 13. a4 {[%emt 0:01:16]} e5 {[%emt 0:16:30]} 14. dxe6 {[%emt 0:13:05]} Bxe6 {[%emt 0:00:43]} 15. Nde4 {[%emt 0:00:15]} Nxe4 {[%emt 0:05:55]} 16. Nxe4 {[%emt 0:01:21]} Bf5 {[%emt 0:04:00]} 17. Bd3 {[%emt 0:00:06]} d5 {[%emt 0:10:15]} 18. Nd6 {[%emt 0:18:06]} Bxd3 {[%emt 0:00:28]} 19. Qxd3 {[%emt 0:00:03]} dxc4 {[%emt 0:00:42]} 20. Qd5 {[%emt 0:00:42]} Re6 {[%emt 0:04:07]} 21. Qxb7 {[%emt 0:08:18]} Rxd6 {[%emt 0:07:12]} 22. Qxa8 {[%emt 0:00:32]} g5 {[%emt 0:01:09]} 23. Bg3 {[%emt 0:00:01]} Rd8 {[%emt 0:00:33]} 24. Qe4 {[%emt 0:07:27]} Bxb2 {[%emt 0:03:21]} 25. Qxc4 {[%emt 0:02:39]} Bxa1 {[%emt 0:01:34]} 26. Rxa1 {[%emt 0:00:02]} Qb4 {[%emt 0:01:01]} 27. Qxa6 {[%emt 0:00:13]} c4 {[%emt 0:00:46]} 28. Be5 {[%emt 0:01:23]} Ne6 {[%emt 0:01:03]} 29. h3 {[%emt 0:01:01]} Qb3 {[%emt 0:01:14]} 30. Qc6 {[%emt 0:02:35]} 1-0

[Event "WTCC-50 2018"]
[Site "Radebeul"]
[Date "2018.07.08"]
[Round "2"]
[White "Enders, Peter"]
[Black "Rewitz, Poul"]
[Result "1/2-1/2"]
[WhiteElo "2445"]
[BlackElo "2289"]
[Annotator "ChessBase"]
[PlyCount "86"]
[EventDate "2018.07.07"]
[EventType "team-tourn"]
[EventCountry "GER"]
[SourceTitle "playchess.com"]
[Source "ChessBase"]
[SourceQuality "1"]
[TimeControl "40/5400+30:1800+30"]

1. b3 {[%emt 0:00:00]} e5 {[%emt 0:00:04]} 2. Bb2 {[%emt 0:00:00]} Nc6 {[%emt 0:00:23]} 3. e3 {[%emt 0:00:00]} Nf6 {[%emt 0:00:53]} 4. Nf3 {[%emt 0:00:00]} e4 {[%emt 0:01:20]} 5. Nd4 {[%emt 0:00:00]} Nxd4 {[%emt 0:00:53]} 6. Bxd4 {[%emt 0:00:00]} Be7 {[%emt 0:00:48]} 7. d3 {[%emt 0:00:02]} c5 {[%emt 0:01:27]} 8. Bb2 {[%emt 0:00:19]} O-O {[%emt 0:01:14]} 9. Nd2 {[%emt 0:00:32]} d5 {[%emt 0:01:46]} 10. dxe4 {[%emt 0:00:40]} Nxe4 {[%emt 0:01:17]} 11. Nxe4 {[%emt 0:02:08]} dxe4 {[%emt 0:02:51]} 12. Bc4 {[%emt 0:02:24]} Qa5+ {[%emt 0:02:42]} 13. Qd2 {[%emt 0:03:02]} Qxd2+ {[%emt 0:06:32]} 14. Kxd2 {[%emt 0:00:05]} Bg4 {[%emt 0:02:19]} 15. Rag1 {[%emt 0:16:20]} Rad8+ {[%emt 0:08:03]} 16. Kc1 {[%emt 0:00:07]} Be6 {[%emt 0:10:54]} 17. Rd1 {[%emt 0:18:10]} Bxc4 {[%emt 0:09:20]} 18. bxc4 {[%emt 0:00:05]} f5 {[%emt 0:01:10]} 19. Rd5 {[%emt 0:05:28]} Rxd5 {[%emt 0:01:52]} 20. cxd5 {[%emt 0:00:06]} b5 {[%emt 0:00:32]} 21. Be5 {[%emt 0:04:13]} Rd8 {[%emt 0:03:42]} 22. Rd1 {[%emt 0:03:24]} Bd6 {[%emt 0:02:41]} 23. Bxd6 {[%emt 0:02:38]} Rxd6 {[%emt 0:00:06]} 24. Kb2 {[%emt 0:00:10]} Kf7 {[%emt 0:01:32]} 25. a4 {[%emt 0:02:00]} bxa4 {[%emt 0:16:01]} 26. Ka3 {[%emt 0:00:42]} Ke7 {[%emt 0:01:45]} 27. Kxa4 {[%emt 0:02:54]} Rb6 {[%emt 0:00:47]} 28. Ka3 {[%emt 0:09:15]} Kd6 {[%emt 0:02:41]} 29. c4 {[%emt 0:01:15]} Rb4 {[%emt 0:00:49]} 30. Rc1 {[%emt 0:00:07]} g5 {[%emt 0:00:39]} 31. g3 {[%emt 0:03:12]} g4 {[%emt 0:02:32]} 32. Ka2 {[%emt 0:01:46]} Ke5 {[%emt 0:01:22]} 33. Rc3 {[%emt 0:01:18]} Kd6 {[%emt 0:01:55]} 34. Ka1 {[%emt 0:02:02]} Kd7 {[%emt 0:01:08]} 35. Ra3 {[%emt 0:05:06]} Rxc4 {[%emt 0:01:27]} 36. Rxa7+ {[%emt 0:00:07]} Kd6 {[%emt 0:00:18]} 37. Rf7 {[%emt 0:00:13]} Rb4 {[%emt 0:05:18]} 38. Rxf5 {[%emt 0:02:00]} c4 {[%emt 0:02:52]} 39. Rf8 {[%emt 0:00:07]} Rb7 {[%emt 0:04:09]} 40. Rd8+ {[%emt 0:03:55]} Kc5 {[%emt 0:00:10]} 41. d6 {[%emt 0:31:49]} c3 {[%emt 0:13:12]} 42. Rc8+ {[%emt 0:00:00]} Kxd6 {[%emt 0:02:59]} 43. Rxc3 {[%emt 0:00:00]} Ke5 1/2-1/2

[Event "WTCC-50 2018"]
[Site "Radebeul"]
[Date "2018.07.08"]
[Round "2"]
[White "Tischbierek, Raj"]
[Black "Obers, Frits"]
[Result "1/2-1/2"]
[WhiteElo "2436"]
[BlackElo "2113"]
[Annotator "TA"]
[PlyCount "82"]
[EventDate "2018.07.07"]
[EventType "team-tourn"]
[EventCountry "GER"]
[SourceTitle "playchess.com"]
[Source "ChessBase"]
[SourceQuality "1"]

{[%evp 18,82,0,-5,57,46,51,46,41,42,44,33,89,78,90,53,91,91,100,89,105,61,97,107,104,90,148,150,184,100,122,112,179,186,172,112,86,0,100,0,0,0,50,57,62,68,53,0,242,244,253,224,479,121,121,120,124,106,164,102,104,88,116,116,175,107,180]} 1. e4 c5 2. Nf3 d6 3. d4 cxd4 4. Qxd4 Nc6 5. Bb5 Bd7 6. Bxc6 Bxc6 7. Nc3 Nf6 8. Bg5 e6 9. O-O-O Be7 10. Qd3 {LiveBook: 477 Games} Ng4 {B53: Sicilian: 2...d6: Lines with Qxd4} (10... Qa5 $11) (10... Qa5 11. h4 h6 12. Bd2 Qa6 13. Nd4 Qxd3 14. cxd3 Ng4 15. Nxc6 bxc6 16. Rdf1 d5 17. Kc2 Bc5 18. Nd1 h5 19. Bc3 Nf6 20. f3 {1-0 (59) Hamdouchi,H (2580)-Navara,D (2727) Brest 2018}) 11. Bxe7 $14 Qxe7 12. Qe2 (12. Qxd6 Nxf2 13. Qg3 Nxd1 $17) 12... O-O {White is slightly better.} 13. Nd4 Nf6 14. g4 $146 {[%cal Bg2g4,Bg4g5][%mdl 32]} ({Predecessor:} 14. Rhg1 Rfd8 15. g4 d5 16. g5 Nxe4 17. Nxe4 dxe4 18. Nxc6 bxc6 19. Qxe4 Rxd1+ 20. Kxd1 {1-0 (36) Gonzalez,A (1946)-Ruiz Agudelo,S (1784) Cali 2012}) 14... Rfd8 ({Black should play} 14... d5 $14) 15. g5 $36 {[%mdl 2048] Keeping Black busy.} Nd7 16. h4 Nb6 17. f4 e5 18. Nf5 Qe6 19. fxe5 Qxe5 20. Qh2 Nc4 21. Rd4 Qc5 (21... Qxh2 $142 22. Rxh2 Ne5) 22. Qe2 $1 $16 b5 23. h5 ({Better is} 23. Nd5 $18 {And now b4 would win.} a5 24. Nde7+ Kh8 25. Nxc6 Qxc6 26. Rhd1) 23... Re8 {Threatens to win with ...Qxf5!} 24. Rf1 (24. Nd5 $2 Bxd5 25. g6 Be6 $19) 24... d5 ({Reject} 24... Qb4 $6 25. Nd1 $11) (24... Bd7 $16) 25. Qf2 $1 $18 dxe4 {[#]} 26. Nh6+ $1 {[%mdl 512]} Kh8 $16 ({Avoid the trap} 26... gxh6 $2 27. Qxf7+ Kh8 28. Qf6+ Kg8 29. gxh6 $18) 27. Nxf7+ Kg8 28. Nh6+ Kh8 $1 29. Nf7+ Kg8 30. g6 Qxh5 31. gxh7+ Qxh7 32. b3 ({Much weaker is} 32. Ng5 Qh5 $15) (32. Qg3 $14 Rf8 33. b3) 32... Ne5 $2 (32... Qh3 $11 {and Black has nothing to worry.}) 33. Nxe5 $18 Rxe5 34. Rd6 b4 $2 (34... e3 {was called for.} 35. Qf7+ Kh8) 35. Rxc6 $2 (35. Ne2 $18 Bb5 36. Qf7+ Kh8 {[#]} 37. Nf4 $1 {[%mdl 512]}) 35... bxc3 $16 36. Rxc3 {White threatens Qf7+ and mate.} Qh6+ 37. Re3 Qe6 (37... Re7 $16) 38. Kb1 (38. Rg3 $18 {Rxg7+! is the strong threat.} Rd5 39. Rfg1) 38... Re8 39. Rh1 Qf6 40. Qe2 Qc6 (40... Rf5 $16 41. Rxe4 Rxe4 42. Qxe4 Rf1+ 43. Rxf1 Qxf1+ 44. Kb2 Qf6+ 45. Kb1 Qf1+ 46. Kb2 Qf6+ 47. Kb1 Kf7 48. Qd5+ Qe6 49. Qf3+ Qf6 50. Qd5+ Qe6 51. Qf3+ Qf6 52. Qd5+) 41. Rh4 (41. Qh2 $18 Qf6 42. Qe2) 41... Rf5 {Precision: White = 49%, Black = 34%.} (41... R8e7 $16 42. Reh3 Rf5) 1/2-1/2

[Event "WTCC-50 2018"]
[Site "Radebeul"]
[Date "2018.07.08"]
[Round "2"]
[White "Leow, Leslie M"]
[Black "Nake, Matthias"]
[Result "1/2-1/2"]
[WhiteElo "2419"]
[BlackElo "2182"]
[Annotator "TA"]
[PlyCount "52"]
[EventDate "2018.07.07"]
[EventType "team-tourn"]
[EventCountry "GER"]
[SourceTitle "playchess.com"]
[Source "ChessBase"]
[SourceQuality "1"]

{[%evp 20,52,31,31,33,43,49,12,49,31,51,41,48,50,41,11,12,12,15,16,9,9,15,11,14,16,13,12,7,10,16,0,0,0,0]} 1. e4 c5 2. Nf3 d6 3. Bb5+ Bd7 4. Bxd7+ Nxd7 5. c4 Ngf6 6. Nc3 e6 7. O-O Be7 8. d4 cxd4 9. Nxd4 O-O 10. Qe2 Rc8 {B52: Sicilian: Moscow Variation with 3...Bd7} (10... a6 11. b3 Rc8 12. Bb2 Qa5 13. Rac1 Bd8 14. Kh1 Bb6 15. Rfd1 Rfd8 16. f4 Ba7 17. Nf3 Ng4 18. Rf1 Be3 19. Rcd1 Bxf4 20. Nd4 Qg5 {½-½ (77) Carlsen,M (2853)-Nakamura,H (2787) chess.com INT 2016}) 11. b3 {LiveBook: 6 Games} Qa5 12. Bb2 Rfd8 {White is slightly better.} 13. f4 $146 ({Predecessor:} 13. Rfd1 a6 14. Kh1 Qg5 15. Rd3 Qg4 16. Qxg4 Nxg4 17. Rf1 {½-½ (54) Zhou,G (2243)-Pham,T (2183) Ho Chi Minh City 2016}) 13... a6 14. Rac1 Qc5 15. Kh1 Bf8 16. Rcd1 Qh5 17. Nf3 (17. Qxh5 {keeps more tension.} Nxh5 18. f5 Re8 19. fxe6 fxe6 20. Kg1) 17... b5 {The position is equal.} 18. cxb5 axb5 19. Nxb5 Nxe4 20. Qxe4 Qxb5 21. Ng5 {[%csl Gg5][%cal Re4h7] [#]} Qf5 22. Qxf5 exf5 23. Kg1 Nc5 24. Bd4 d5 25. Rc1 Nd3 26. Rcd1 Nc5 {Precision: White = 54%, Black = 71%.} 1/2-1/2

[Event "WTCC-50 2018"]
[Site "Radebeul"]
[Date "2018.07.08"]
[Round "2"]
[White "Arkell, Keith C"]
[Black "Fegan, Chris"]
[Result "1-0"]
[WhiteElo "2406"]
[BlackElo "2040"]
[Annotator "ChessBase"]
[PlyCount "117"]
[EventDate "2018.07.07"]
[EventType "team-tourn"]
[EventCountry "GER"]
[SourceTitle "playchess.com"]
[Source "ChessBase"]
[SourceQuality "1"]
[TimeControl "40/5400+30:1800+30"]

1. d4 {[%emt 0:00:06]} f5 {[%emt 0:00:04]} 2. g3 {[%emt 0:01:39]} Nf6 {[%emt 0:00:37]} 3. Bg2 {[%emt 0:00:08]} g6 {[%emt 0:00:37]} 4. Nh3 {[%emt 0:00:50]} Bg7 {[%emt 0:00:30]} 5. Nf4 {[%emt 0:00:07]} c6 {[%emt 0:05:45]} 6. c4 {[%emt 0:00:44]} Qa5+ {[%emt 0:04:20]} 7. Nc3 {[%emt 0:00:56]} Ne4 {[%emt 0:04:17]} 8. Qd3 {[%emt 0:10:13]} e5 {[%emt 0:08:27]} 9. dxe5 {[%emt 0:00:42]} Nxc3 {[%emt 0:02:30]} 10. Bd2 {[%emt 0:03:26]} Bxe5 {[%emt 0:03:10]} 11. Rc1 {[%emt 0:09:26]} O-O {[%emt 0:12:43]} 12. Bxc3 {[%emt 0:01:29]} Bxc3+ {[%emt 0:02:45]} 13. Qxc3 {[%emt 0:04:16]} Qxc3+ {[%emt 0:02:53]} 14. Rxc3 {[%emt 0:00:05]} Na6 {[%emt 0:01:30]} 15. O-O {[%emt 0:04:21]} Rb8 {[%emt 0:06:26]} 16. a3 {[%emt 0:14:43]} b5 {[%emt 0:05:54]} 17. b4 {[%emt 0:06:28]} bxc4 {[%emt 0:02:53]} 18. Rxc4 {[%emt 0:00:04]} Nc7 {[%emt 0:00:37]} 19. Rc5 {[%emt 0:01:50]} Re8 {[%emt 0:03:17]} 20. e3 {[%emt 0:00:27]} Rb5 {[%emt 0:03:08]} 21. Rfc1 {[%emt 0:00:17]} Re5 {[%emt 0:04:17]} 22. Rxe5 {[%emt 0:00:33]} Rxe5 {[%emt 0:00:07]} 23. Nd3 {[%emt 0:06:32]} Re8 {[%emt 0:05:18]} 24. Nc5 {[%emt 0:00:18]} Ne6 {[%emt 0:02:49]} 25. Nxe6 {[%emt 0:00:16]} Rxe6 {[%emt 0:00:30]} 26. Bd5 {[%emt 0:00:32]} cxd5 {[%emt 0:01:52]} 27. Rxc8+ {[%emt 0:00:09]} Kg7 {[%emt 0:02:21]} 28. Rc7 {[%emt 0:02:24]} Ra6 {[%emt 0:01:16]} 29. Rxd7+ {[%emt 0:00:08]} Kh6 {[%emt 0:00:23]} 30. Rxd5 {[%emt 0:00:10]} Rxa3 {[%emt 0:00:39]} 31. h3 {[%emt 0:08:41]} a6 {[%emt 0:02:42]} 32. Kg2 {[%emt 0:06:53]} Ra4 {[%emt 0:01:50]} 33. Rd4 {[%emt 0:00:04]} a5 {[%emt 0:02:01]} 34. bxa5 {[%emt 0:00:08]} Rxa5 {[%emt 0:00:12]} 35. g4 {[%emt 0:00:04]} Kg5 {[%emt 0:02:52]} 36. Kg3 {[%emt 0:00:25]} h5 {[%emt 0:03:08]} 37. h4+ {[%emt 0:00:19]} Kf6 {[%emt 0:00:55]} 38. gxh5 {[%emt 0:03:42]} gxh5 {[%emt 0:00:09]} 39. Rd6+ {[%emt 0:00:09]} Kg7 {[%emt 0:01:45]} 40. Kf4 {[%emt 0:00:39]} Ra2 {[%emt 0:01:38]} 41. f3 {[%emt 0:31:13]} Rh2 {[%emt 0:01:07]} 42. Kxf5 {[%emt 0:00:00]} Rxh4 {[%emt 0:00:22]} 43. e4 {[%emt 0:00:00]} Rh3 {[%emt 0:01:32]} 44. Rg6+ {[%emt 0:00:00]} Kf7 {[%emt 0:02:07]} 45. f4 {[%emt 0:00:00]} h4 {[%emt 0:01:13]} 46. e5 {[%emt 0:00:00]} Rg3 {[%emt 0:04:40]} 47. Rg4 {[%emt 0:00:00]} Rh3 {[%emt 0:01:48]} 48. e6+ {[%emt 0:00:00]} Ke7 {[%emt 0:01:17]} 49. Rg7+ {[%emt 0:00:00]} Kd6 {[%emt 0:02:31]} 50. Rd7+ {[%emt 0:00:00]} Kc6 {[%emt 0:00:08]} 51. Rd4 {[%emt 0:00:00]} Ra3 {[%emt 0:02:50]} 52. Ke5 {[%emt 0:00:00]} h3 {[%emt 0:03:32]} 53. Rc4+ {[%emt 0:00:00]} Kb5 {[%emt 0:01:37]} 54. Rc2 {[%emt 0:00:00]} Ra8 {[%emt 0:02:19]} 55. e7 {[%emt 0:00:00]} Rh8 {[%emt 0:00:56]} 56. Kf6 {[%emt 0:00:00]} Kb4 {[%emt 0:03:21]} 57. Kg7 {[%emt 0:00:00]} Ra8 {[%emt 0:01:03]} 58. Kf7 {[%emt 0:00:00]} Ra7 {[%emt 0:00:30]} 59. Kf8 {[%emt 0:00:00]} 1-0

[Event "WTCC-50 2018"]
[Site "Radebeul"]
[Date "2018.07.08"]
[Round "2"]
[White "Cummings, David H."]
[Black "Engman, Rikard"]
[Result "1-0"]
[WhiteElo "2336"]
[BlackElo "2171"]
[Annotator "NA"]
[PlyCount "65"]
[EventDate "2018.07.07"]
[EventType "team-tourn"]
[EventCountry "GER"]
[SourceTitle "playchess.com"]
[Source "ChessBase"]
[SourceQuality "1"]
[TimeControl "40/5400+30:1800+30"]

1. c4 {[%emt 0:00:00]} b6 {[%emt 0:00:00]} 2. Nc3 {[%emt 0:00:00]} Bb7 {[%emt 0:00:00]} 3. e4 {[%emt 0:00:36]} e5 {[%emt 0:00:00]} 4. Nf3 {[%emt 0:02:05]} Nc6 {[%emt 0:00:55]} 5. g3 {[%emt 0:00:31]} Bc5 {[%emt 0:00:12]} 6. Bg2 {[%emt 0:00:11]} Nge7 {[%emt 0:00:18] LiveBook: 4 Games} 7. O-O {[%emt 0:01:34]} O-O {[%emt 0:04:47]} 8. d3 {[%emt 0:00:07]} d6 {[%emt 0:01:27]} 9. a3 {[%emt 0:00:18]} a5 {[%emt 0:07:17]} 10. Bd2 {[%emt 0:02:35]} Nd4 {[%emt 0:21:49]} 11. Rb1 $11 {[%emt 0:05:53]} Nxf3+ {[%emt 0:04:52]} 12. Bxf3 {[%emt 0:00:45]} Nc6 {[%emt 0:03:37]} 13. Bg2 {[%emt 0:11:42]} Qd7 {[%emt 0:07:44]} 14. Kh1 {[%emt 0:06:35]} Nd8 {[%emt 0:11:43]} 15. f4 {[%emt 0:09:17]} exf4 {[%emt 0:00:39]} 16. Bxf4 {[%emt 0:07:16]} Ne6 {[%emt 0:01:13]} 17. Qd2 {[%emt 0:07:44]} Bd4 {[%emt 0:10:27]} 18. Nb5 {[%emt 0:07:48]} Be5 {[%emt 0:07:30]} 19. d4 {[%emt 0:02:46]} Bxf4 {[%emt 0:06:03]} 20. gxf4 {[%emt 0:00:28]} c6 {[%emt 0:03:40]} 21. Nc3 {[%emt 0:00:18]} c5 {[%emt 0:01:13]} 22. d5 {[%emt 0:04:54]} Nd4 {[%emt 0:00:14]} 23. Ne2 {[%emt 0:01:54]} Nxe2 {[%emt 0:00:36]} 24. Qxe2 {[%emt 0:00:05]} Rae8 {[%emt 0:02:33]} 25. Rbe1 {[%emt 0:01:09]} Re7 {[%emt 0:00:28]} 26. Rf3 {[%emt 0:02:09]} Rfe8 {[%emt 0:00:34]} 27. Re3 {[%emt 0:00:20]} b5 {[%emt 0:00:47]} 28. cxb5 {[%emt 0:04:36]} Bxd5 {[%emt 0:00:02]} 29. Qd2 {[%emt 0:00:28]} Bc4 {[%emt 0:01:17]} 30. a4 {[%emt 0:02:28]} f5 {[%emt 0:01:51]} 31. exf5 {[%emt 0:02:10]} Kf8 {[%emt 0:00:36]} 32. Bc6 {[%emt 0:01:36]} Qxf5 {[%emt 0:01:04]} 33. Qxd6 {[%emt 0:02:50]} 1-0